|
|
|
|
| LEADER |
01519nam a2200397 a 4500 |
| 001 |
EBC697931 |
| 003 |
MiAaPQ |
| 005 |
20200520144314.0 |
| 006 |
m o d | |
| 007 |
cr cn||||||||| |
| 008 |
110106s2011 enk sbf 001 0 eng d |
| 010 |
|
|
|z 2010051096
|
| 020 |
|
|
|z 9781119971702 (MobiPocket)
|
| 020 |
|
|
|z 9780470658246
|
| 020 |
|
|
|a 9781119971696 (electronic bk.)
|
| 020 |
|
|
|a 9781119971689 (electronic bk.)
|
| 035 |
|
|
|a (MiAaPQ)EBC697931
|
| 035 |
|
|
|a (Au-PeEL)EBL697931
|
| 035 |
|
|
|a (CaPaEBR)ebr10484938
|
| 035 |
|
|
|a (CaONFJC)MIL317776
|
| 035 |
|
|
|a (OCoLC)747409401
|
| 040 |
|
|
|a MiAaPQ
|c MiAaPQ
|d MiAaPQ
|
| 050 |
|
4 |
|a TH438
|b .S8879 2011
|
| 082 |
0 |
4 |
|a 690.068
|2 22
|
| 100 |
1 |
|
|a Sutt, Juri.
|
| 245 |
1 |
0 |
|a Manual of construction project management for owners and clients
|h [electronic resource] /
|c Juri Sutt.
|
| 260 |
|
|
|a Chichester [England] ;
|a Ames, Iowa :
|b Wiley-Blackwell,
|c 2011.
|
| 300 |
|
|
|a xl, 126 p.
|
| 504 |
|
|
|a Includes bibliographical references and index.
|
| 533 |
|
|
|a Electronic reproduction. Ann Arbor, MI : ProQuest, 2015. Available via World Wide Web. Access may be limited to ProQuest affiliated libraries.
|
| 650 |
|
0 |
|a Building
|x Superintendence
|v Handbooks, manuals, etc.
|
| 650 |
|
0 |
|a Project management
|v Handbooks, manuals, etc.
|
| 650 |
|
0 |
|a Contractors' operations
|v Handbooks, manuals, etc.
|
| 655 |
|
4 |
|a Electronic books.
|
| 710 |
2 |
|
|a ProQuest (Firm)
|
| 856 |
4 |
0 |
|u https://ebookcentral.proquest.com/lib/matrademy/detail.action?docID=697931
|z Click to View
|